| 000 | 00818cam a22001934a 4500 | ||
|---|---|---|---|
| 005 | 20250605164051.0 | ||
| 008 | 250528s ||||||||||||||||||||||||d | ||
| 035 | _a17272 | ||
| 020 | _a521305470 | ||
| 040 |
_aGR-AtMCL _bgre _dGR-AtMCL _eAACR2 |
||
| 245 | 1 | _aRegional Variations in the European Community | |
| 260 |
_bCambridge University Press, _c1986 |
||
| 300 | _a130 | ||
| 520 | _aIntroduction, The European Community in Context, Process and Pattern in the European Community, National and Supranational Initiatives, The Mediterranean Countries, Two Large Continental Neighbours, The Smaller Mainland Countries, The Atlantic Nations, The New Neighbours, Andix: Statistical Data and Regional Units, Further Reading, Index. | ||
| 700 | 1 |
_aClout Hugh _93432 |
|
| 942 | _cBK | ||
| 999 |
_c2700 _d2700 |
||